| 000 | 00739nam1a22002411i 4500 | ||
|---|---|---|---|
| 001 | v19\rc\1516334 | ||
| 005 | 20240726020847.0 | ||
| 035 | _a(NLR Aleph) 004639831 | ||
| 090 |
_a3279460 _c3279460 |
||
| 100 | _a20060620d1885 |||y0rusy50 ca | ||
| 101 | 0 | _arus | |
| 102 | _aRU | ||
| 105 | _ay z ||||| | ||
| 200 | 1 |
_aРусский Боккачио _eСобрание новелл Германа Клейфа (кн. Нью-Сионского). Вып. 1- |
|
| 210 |
_aОдесса _cС.М. Бот _d1885 |
||
| 215 | _d23 | ||
| 700 | 1 |
_aКлейф _bГ. _gГерман |
|
| 801 | 0 |
_aRU _bNLR _gpsbo |
|
| 801 | 0 |
_aRU _bRuMoRGB _2psbo |
|
| 801 | 1 |
_aRU _bProSoft-M _2rusmarc |
|
| 852 |
_aNLR _j18.218.5.361 |
||
| 899 |
_aRuMoRGB _jP 56/1442 |
||
| 942 | _cBOOK | ||